书目信息 |
| 题名: |
空间与环境:室内设计作品选
|
|
| 作者: | 北京市建筑设计研究院 编 | |
| 分册: | ||
| 出版信息: | 北京 中国建筑工业出版社 1999.06 |
|
| 页数: | 325页 | |
| 开本: | 16开 | |
| 丛书名: | ||
| 单 册: | ||
| 中图分类: | TU238.2-64 | |
| 科图分类: | 2382-64 | |
| 主题词: | 建筑设计 | |
| 电子资源: | ||
| ISBN: | 7-112-03831-6 | |
| 000 | 00671nam0 2200205 45 | |
| 001 | 0010131591 | |
| 005 | 20001210110947.0 | |
| 010 | @a7-112-03831-6@d175.00元 | |
| 100 | @a20001013d1999 km y0chiy0120 ea | |
| 101 | 0 | @achi |
| 105 | @a z 000yy | |
| 200 | 1 | @a空间与环境:室内设计作品选@AKong Jian Yu Huan Jing:Shi Nei She Ji Zuo Pin Xuan@f北京市建筑设计研究院编@FBei Jing Shi Jian Zhu She Ji Yan Jiu Yuan Bian |
| 210 | @a北京@c中国建筑工业出版社@d1999.06 | |
| 215 | @a325页@d16开 | |
| 606 | 0 | @a建筑设计 |
| 690 | @aTU238.2-64@v3 | |
| 692 | @a2382-64 | |
| 701 | 0 | @a北京市建筑设计研究院@4编 |
| 801 | @aCN@bPftUser@c20001013 | |
| 905 | @dTU238.2-64@eW467@b302883-885@f3 | |
| 空间与环境:室内设计作品选/北京市建筑设计研究院编.-北京:中国建筑工业出版社,1999.06 |
| 325页;16开 |
| ISBN 7-112-03831-6:175.00元 |
| ● |
| 相关链接 |
|
|
|
正题名:空间与环境:室内设计作品选
索取号:TU238.2-64/W467
 
预约/预借
| 序号 | 登录号 | 条形码 | 馆藏地/架位号 | 状态 | 备注 |
| 1 | 302883 | 203028838 | 自科二线404/404自科库 7排4列4层/ [索取号:TU238.2-64/W467] | 在馆 | |
| 2 | 302884 | 203028847 | 建筑库101/101建筑库 57排2列2层/ [索取号:TU238.2-64/W467] | 在馆 | |
| 3 | 302885 | 203028856 | 建筑库101/101建筑库 57排2列2层/ [索取号:TU238.2-64/W467] | 在馆 |